[Event "PRO League KO Stage 2017"]
[Site "chess.com INT"]
[Date "2017.03.08"]
[Round "2"]
[White "Pert, Richard G"]
[Black "Henriquez Villagra, Cristobal"]
[Result "1/2-1/2"]
[WhiteTitle "IM"]
[BlackTitle "IM"]
[WhiteElo "2414"]
[BlackElo "2538"]
[WhiteTeam "London Towers"]
[BlackTeam "Stockholm Snowballs"]
[WhiteFideId "404748"]
[BlackFideId "3409350"]
[EventDate "2017.03.01"]

1. e4 c5 2. Nc3 Nc6 3. Bb5 Nd4 4. Bc4 e6 5. Nge2 Ne7 6. O-O Nec6 7. d3 a6 8. a3
b5 9. Ba2 Bb7 10. Nxd4 cxd4 11. Ne2 Bc5 12. Ng3 h5 13. h3 h4 14. Ne2 Ne7 15. c3
dxc3 16. d4 Bb6 17. Nxc3 Rc8 18. Be3 d5 19. Qg4 dxe4 20. Qxg7 Rg8 21. Qh7 Rg6
22. Qxh4 Nf5 23. Qh5 Qh4 24. Qxh4 Nxh4 25. g3 Nf3+ 26. Kg2 Bxd4 27. Rac1 Nh4+
28. Kh2 Bxe3 29. fxe3 Nf5 30. g4 Nxe3 31. Rfe1 Nxg4+ 32. hxg4 Ke7 33. Ne2 Rxg4
34. Rxc8 Bxc8 35. Nd4 Bb7 36. Kh3 Rg6 37. Ne2 f5 38. Nf4 Rh6+ 39. Kg3 e5 40.
Nd5+ Bxd5 41. Bxd5 Rd6 42. Rd1 Kf6 43. Kf2 Kg5 44. Ke3 Rh6 45. Rg1+ Kf6 46. Rf1
Rh3+ 47. Ke2 f4 48. Bb7 Rb3 49. Rb1 f3+ 50. Kf2 Kf5 51. Kg3 a5 52. Re1 f2+ 53.
Kxf2 Rxb2+ 54. Re2 Rb3 55. Bxe4+ Ke6 56. Re3 Rb2+ 57. Kf3 Kd6 58. Rd3+ Kc5 59.
Rd5+ Kc4 60. Rxe5 Rb3+ 61. Ke2 Rxa3 62. Re8 Kd4 63. Bc2 b4 64. Kd2 Ra2 65. Re4+
Kd5 66. Re3 a4 67. Kc1 Kc4 68. Rh3 b3 69. Rh4+ Kc3 70. Rh3+ Kb4 71. Bxb3 axb3
72. Kb1 Ra5 73. Rh8 Ka3 74. Rb8 Rd5 75. Ra8+ Kb4 76. Rb8+ Ka3 77. Ra8+ Kb4 78.
Rb8+ Ka3 79. Ra8+ 1/2-1/2

[Event "PRO League KO Stage 2017"]
[Site "chess.com INT"]
[Date "2017.03.08"]
[Round "2"]
[White "Pert, Richard G"]
[Black "Agrest, Evgenij"]
[Result "1/2-1/2"]
[WhiteTitle "IM"]
[BlackTitle "GM"]
[WhiteElo "2414"]
[BlackElo "2593"]
[WhiteTeam "London Towers"]
[BlackTeam "Stockholm Snowballs"]
[WhiteFideId "404748"]
[BlackFideId "1705024"]
[EventDate "2017.03.01"]

1. d4 d5 2. c4 c6 3. Nf3 Nf6 4. cxd5 cxd5 5. Nc3 Nc6 6. Bf4 a6 7. Rc1 Nh5 8. Bd2
e6 9. e4 dxe4 10. Nxe4 Nxd4 11. Bc3 Nc6 12. Qxd8+ Nxd8 13. g3 Bd7 14. Ne5 Bb5
15. Bg2 Be7 16. Rd1 O-O 17. Nd7 1/2-1/2

[Event "PRO League KO Stage 2017"]
[Site "chess.com INT"]
[Date "2017.03.08"]
[Round "2"]
[White "Cervantes Landeiro, Thalia"]
[Black "Mamedov, Rauf"]
[Result "0-1"]
[WhiteTitle "WCM"]
[BlackTitle "GM"]
[WhiteElo "1984"]
[BlackElo "2688"]
[WhiteTeam "Webster Windmills"]
[BlackTeam "San Jose Hackers"]
[WhiteFideId "3520498"]
[BlackFideId "13401653"]
[EventDate "2017.03.01"]

1. d4 Nf6 2. c4 g6 3. Nc3 Bg7 4. e4 d6 5. f4 O-O 6. Nf3 c5 7. d5 e6 8. dxe6 Bxe6
9. Bd3 Bg4 10. O-O Nc6 11. Be3 Nd7 12. Be2 Bxf3 13. Bxf3 Nd4 14. Kh1 Re8 15.
Bxd4 cxd4 16. Nb5 Qb6 17. Qd2 a6 18. Na3 Re7 19. Rad1 Nc5 20. Rfe1 Rae8 21. Nc2
Qxb2 22. Nxd4 Qxd2 23. Rxd2 Nxe4 24. Rde2 f5 25. Nb3 Bc3 26. Rf1 a5 27. Rc2 Bb4
28. g3 Kg7 29. Nd4 Nd2 30. Rf2 Nxf3 31. Rxf3 Bc5 32. Nb5 Re1+ 33. Kg2 R8e2+ 34.
Rxe2 Rxe2+ 35. Kh3 Bg1 36. g4 Rxh2+ 37. Kg3 Rxa2 38. gxf5 Bc5 39. fxg6 hxg6 40.
Rd3 a4 41. Nxd6 Rb2 42. Nb5 Rb3 43. Rxb3 axb3 44. Nc3 Bb4 45. Nb1 Kf6 46. Kf3
Kf5 47. Ke3 b6 48. Kf3 Bd6 49. Ke3 Bxf4+ 50. Kd3 Be5 51. Nd2 b2 52. Kc2 g5 53.
Nf3 g4 54. Nh4+ Ke4 0-1

[Event "PRO League KO Stage 2017"]
[Site "chess.com INT"]
[Date "2017.03.08"]
[Round "2"]
[White "Abrahamyan, Tatev"]
[Black "Rosenthal, Nicholas"]
[Result "1/2-1/2"]
[WhiteTitle "WGM"]
[WhiteElo "2364"]
[BlackElo "2169"]
[WhiteTeam "San Diego Surfers"]
[BlackTeam "St Louis Arch Bishops"]
[WhiteFideId "13301918"]
[BlackFideId "2045150"]
[EventDate "2017.03.01"]

1. e4 e6 2. d4 d5 3. Nd2 Nf6 4. e5 Nfd7 5. Ngf3 c5 6. c3 Nc6 7. Bd3 cxd4 8. cxd4
Nb6 9. O-O Bd7 10. Nb3 Rc8 11. Nc5 Nxd4 12. Nxb7 Nxf3+ 13. Qxf3 Qc7 14. Nd6+
Bxd6 15. exd6 Qxd6 16. Bf4 Qe7 17. Qg3 f6 18. Bd6 Qf7 19. b3 e5 20. a4 Rc6 21.
Bb4 Nc8 22. Bb5 Rc7 23. Rfc1 Bxb5 24. axb5 Qd7 25. Rxc7 Qxc7 26. Qd3 Qd7 27. Rc1
Nb6 28. h4 Kf7 29. Rc6 Rc8 30. Qc2 d4 31. Ba5 d3 32. Qc1 Rxc6 33. bxc6 Qd5 34.
Bxb6 d2 35. Qd1 axb6 36. c7 Qc5 37. Qxd2 Qxc7 38. Qd5+ Kf8 39. g3 g6 40. b4 Ke7
41. Kh2 Qd7 42. Qc4 Kd8 43. Kg2 f5 44. Kh2 e4 45. Kg2 Qe7 46. Qd5+ Kc7 47. b5
Qd7 48. Qe5+ Kb7 49. Kg1 Qd1+ 50. Kh2 Qd7 51. Kg2 Ka7 52. Qa1+ Kb8 53. Qe5+ Ka7
54. Qa1+ Kb8 55. Qe5+ Ka7 56. Qa1+ 1/2-1/2

[Event "PRO League KO Stage 2017"]
[Site "chess.com INT"]
[Date "2017.03.08"]
[Round "2"]
[White "Nagy, Gabor1"]
[Black "Yatzenko, Anton"]
[Result "1/2-1/2"]
[WhiteTitle "IM"]
[WhiteElo "2448"]
[BlackElo "2356"]
[WhiteTeam "Budapest Gambit"]
[BlackTeam "Gorky Stormbringers"]
[WhiteFideId "737119"]
[BlackFideId "4157826"]
[EventDate "2017.03.01"]

1. d4 Nf6 2. c4 e6 3. Nc3 Bb4 4. e3 O-O 5. Ne2 c6 6. a3 Ba5 7. c5 d5 8. cxd6
Qxd6 9. g3 Qd5 10. Rg1 Qh5 11. g4 Qxh2 12. Rg2 Qh4 13. g5 Ne4 14. b4 Bc7 15.
Nxe4 Qxe4 16. Ng3 Qh4 17. Qf3 e5 18. Bb2 Qg4 19. Qxg4 Bxg4 20. dxe5 Bf3 21. Rh2
Nd7 22. Bd3 g6 23. Ne4 Bxe4 24. Bxe4 Bxe5 25. Bxe5 Nxe5 26. Ke2 Kg7 27. f4 Ng4
28. Rh4 f5 29. Rah1 h5 30. gxh6+ Kh7 31. Bf3 Nf6 32. R4h2 Rad8 33. Rb1 Rfe8 34.
b5 cxb5 35. Rxb5 b6 36. a4 Re7 37. a5 bxa5 38. Rxa5 Rb8 39. Kd3 Rb3+ 40. Kd4
Rbxe3 41. Rxa7 Rxa7 42. Kxe3 Ng8 43. Rb2 Nxh6 44. Rb3 Ng8 45. Kf2 Nf6 46. Kg3
Nd7 47. Kh4 Kg7 48. Kg3 Nf8 49. Bd5 Rd7 50. Rb5 Nh7 51. Bf3 Nf6 52. Rb3 Rd4 53.
Rb6 Rd3 54. Kf2 Ra3 55. Kg2 Ra1 56. Kg3 Ra2 57. Rc6 Ra3 58. Kg2 Ra2+ 59. Kg3 Ra3
60. Kg2 Kf7 61. Rc7+ Kf8 62. Rb7 Re3 63. Kf2 Re7 64. Rb3 Kg7 65. Kg3 Kh6 66. Kf2
Nh7 67. Rb6 Kg7 68. Kg3 Nf6 69. Ra6 Rc7 70. Kg2 Rc2+ 71. Kg3 Rc7 72. Kg2 Rc4 73.
Kg3 Ne4+ 74. Bxe4 Rxe4 75. Rb6 Kh6 76. Kf3 Ra4 77. Rb3 Kh5 78. Kg3 Ra1 79. Rf3
g5 80. fxg5 Kxg5 81. Rb3 Rc1 82. Ra3 Rc4 83. Rb3 Rh4 84. Kg2 Re4 85. Kf3 Ra4 86.
Kg3 Ra2 87. Rc3 Ra1 88. Rb3 Rh1 89. Kg2 Rh7 90. Rg3+ Kf4 91. Rf3+ Ke4 92. Ra3 f4
93. Ra4+ Kf5 94. Ra3 Kg4 95. Kg1 f3 96. Ra8 Rg7 97. Kf2 Rf7 98. Ra4+ Kg5 99. Rb4
Rf5 100. Rb3 Kg4 101. Rb4+ Rf4 102. Rb8 Rf7 103. Rg8+ Kf4 104. Ra8 Kg4 1/2-1/2

[Event "PRO League KO Stage 2017"]
[Site "chess.com INT"]
[Date "2017.03.08"]
[Round "2"]
[White "Perez Ponsa, Federico"]
[Black "Dominguez Perez, Leinier"]
[Result "1/2-1/2"]
[WhiteTitle "GM"]
[BlackTitle "GM"]
[WhiteElo "2577"]
[BlackElo "2739"]
[WhiteTeam "Buenos Aires Krakens"]
[BlackTeam "Miami Champions"]
[WhiteFideId "117927"]
[BlackFideId "3503240"]
[EventDate "2017.03.01"]

1. e4 e5 2. Nf3 Nc6 3. Bb5 a6 4. Ba4 Nf6 5. O-O Be7 6. Bxc6 dxc6 7. d3 Nd7 8.
Nbd2 f6 9. Nh4 g6 10. Nc4 Nc5 11. Be3 Ne6 12. a4 O-O 13. Nf3 c5 14. a5 Rf7 15.
Nfd2 Bf8 16. Kh1 b5 17. axb6 cxb6 18. Nf3 Bb7 19. Qd2 Rc8 20. Bh6 Be7 21. Ne3
Bd6 22. c4 f5 23. Nd5 f4 24. h4 a5 25. g4 Bxd5 26. exd5 Nd4 27. Ng5 Nb3 28. Qe2
f3 29. Qe3 Nxa1 30. Rxa1 Rf4 31. Rg1 b5 32. Kh2 bxc4 33. dxc4 Rb8 34. Kh3 Rxc4
35. Ne4 Rxe4 36. Qxe4 Qf6 37. Rg3 Rb4 38. Qxf3 Qxf3 39. Rxf3 Rd4 40. Ra3 a4 41.
Be3 Rb4 42. Bh6 Kf7 43. Rf3+ Ke7 44. Bg5+ Ke8 45. Rf6 Rb6 46. Re6+ Kd7 47. Rf6
Rxb2 48. Rf7+ Kc8 49. Rxh7 Rxf2 50. Be7 Bxe7 51. Rxe7 Kd8 52. Ra7 Rf3+ 53. Kg2
Rf4 54. Kg3 Rf1 55. Rxa4 Ke7 56. Ra6 c4 57. Rxg6 Rd1 58. Rc6 Rd3+ 59. Kf2 c3 60.
h5 e4 61. Re6+ Kf7 62. Rxe4 Rxd5 63. Rc4 Rd3 64. Kg2 Kf6 65. Rc5 c2 66. g5+ Kg7
67. Rc7+ Kg8 68. Rc8+ Kg7 69. Rc7+ Kg8 70. Rxc2 Rd5 71. Kh3 Rxg5 72. Rg2 Rxg2
73. Kxg2 Kg7 74. Kg3 1/2-1/2

[Event "PRO League KO Stage 2017"]
[Site "chess.com INT"]
[Date "2017.03.08"]
[Round "2"]
[White "Meier, Georg"]
[Black "Pert, Richard G"]
[Result "1/2-1/2"]
[WhiteTitle "GM"]
[BlackTitle "IM"]
[WhiteElo "2630"]
[BlackElo "2414"]
[WhiteTeam "Stockholm Snowballs"]
[BlackTeam "London Towers"]
[WhiteFideId "4675789"]
[BlackFideId "404748"]
[EventDate "2017.03.01"]

1. Nf3 e6 2. g3 f5 3. Bg2 Nf6 4. O-O Be7 5. c4 O-O 6. Nc3 d6 7. d4 Ne4 8. Rb1
Nd7 9. Nd2 Nxd2 10. Bxd2 Nf6 11. e4 e5 12. dxe5 dxe5 13. Qe2 c6 14. Rbd1 Qc7 15.
exf5 Bxf5 16. Ne4 Rae8 17. Bc3 a5 18. Nxf6+ Bxf6 19. Be4 Bxe4 20. Qxe4 Re7 21.
c5 Ref7 22. Kg2 Qe7 23. Bxa5 Bg5 24. f3 Ra8 25. b4 h5 26. Rd6 h4 27. Rfd1 Qf8
28. Rd7 Re8 29. Qc4 Be7 30. Bc7 e4 31. f4 e3 32. Be5 Bf6 33. Rxf7 Qxf7 34. Qxf7+
Kxf7 35. Rd7+ Kg6 36. Bxf6 gxf6 37. Kf1 e2+ 38. Ke1 hxg3 39. hxg3 Kf5 40. Rxb7
Kg4 41. Rd7 Kxg3 42. f5 Re4 43. a3 Re3 44. Rd6 Kf3 45. Rxc6 Rxa3 46. Re6 Ra1+
47. Kd2 Ra2+ 48. Kd3 Ra3+ 49. Kd4 Ra4 50. Kc4 Ra3 51. Kd4 Ra4 52. Kc4 Ra3 53.
Kd4 Ra4 1/2-1/2

[Event "PRO League KO Stage 2017"]
[Site "chess.com INT"]
[Date "2017.03.08"]
[Round "2"]
[White "Akobian, Varuzhan"]
[Black "Khachiyan, Melikset"]
[Result "1/2-1/2"]
[WhiteTitle "GM"]
[BlackTitle "GM"]
[WhiteElo "2645"]
[BlackElo "2530"]
[WhiteTeam "St Louis Arch Bishops"]
[BlackTeam "San Diego Surfers"]
[WhiteFideId "13300580"]
[BlackFideId "13300512"]
[EventDate "2017.03.01"]

1. d4 g6 2. Nf3 Nf6 3. c4 Bg7 4. Nc3 d5 5. Bf4 O-O 6. cxd5 Nxd5 7. Be5 c5 8.
Bxg7 Kxg7 9. e3 Nc6 10. Rc1 cxd4 11. Nxd4 Nxc3 12. bxc3 Bd7 13. Be2 e5 14. Nb3
Qe7 15. O-O Rfd8 16. Qc2 Bf5 17. Qb2 Rd7 18. Rfd1 Rad8 19. Rxd7 Rxd7 20. Rd1
Rxd1+ 21. Bxd1 Qd6 22. Be2 Be6 23. h3 b6 24. c4 f6 25. a3 h5 26. Qc1 Nb8 27. c5
Qc7 28. cxb6 Qxc1+ 29. Nxc1 axb6 30. Kf1 Kf7 31. Ke1 Ke7 32. Kd2 Kd6 33. Kc3 Nd7
34. Nb3 Bxb3 35. Kxb3 Kc5 36. h4 e4 37. a4 Ne5 38. Kc3 Nf7 39. g4 hxg4 40. Bxg4
f5 41. Be2 Nd6 42. h5 gxh5 43. Bxh5 b5 44. axb5 Nxb5+ 45. Kd2 Kd5 46. f3 Nd6 47.
Ke2 Ke5 48. Bg6 Kf6 49. Bxf5 Kxf5 50. fxe4+ Kxe4 51. Kd2 Nc4+ 52. Kc3 Nxe3 1/2-1/2

[Event "PRO League KO Stage 2017"]
[Site "chess.com INT"]
[Date "2017.03.08"]
[Round "2"]
[White "Cuevas, Alex"]
[Black "Gonzalez, Renier"]
[Result "1/2-1/2"]
[WhiteTitle "FM"]
[BlackTitle "GM"]
[WhiteElo "2288"]
[BlackElo "2451"]
[WhiteTeam "Buenos Aires Krakens"]
[BlackTeam "Miami Champions"]
[WhiteFideId "114260"]
[BlackFideId "3501841"]
[EventDate "2017.03.01"]

1. c4 Nf6 2. g3 d6 3. Bg2 g6 4. Nc3 Bg7 5. e3 O-O 6. Nge2 c5 7. O-O Nbd7 8. Rb1
Rb8 9. d3 a6 10. Qd2 b6 11. b3 Bb7 12. e4 e6 13. Bb2 Qe7 14. d4 cxd4 15. Nxd4
Rfd8 16. Rbd1 Nc5 17. Rfe1 Qc7 18. Qe2 Ba8 19. h3 Re8 20. Qd2 Rbd8 21. Qc1 Rc8
22. Qd2 Rcd8 23. Qc1 Qb8 24. Qc2 e5 25. Nf3 b5 26. cxb5 axb5 27. b4 Ne6 28. Qd3
Nc7 29. Qc2 d5 30. exd5 Nfxd5 31. a3 Nxc3 32. Rxd8 Rxd8 33. Qxc3 Nd5 34. Qb3 f6
35. Rd1 Kh8 36. Nxe5 fxe5 37. Bxd5 Qd6 38. Bf3 Qf8 39. Rxd8 Qxd8 40. Bxa8 Qxa8
41. Qe6 Qb8 42. Qe7 Kg8 43. f4 Qc8 44. Bxe5 Qc1+ 45. Kf2 Qd2+ 46. Kf3 Qd3+ 47.
Kf2 Qd2+ 48. Kf3 Qd3+ 49. Kf2 Qd2+ 50. Kf3 Qd3+ 51. Kf2 Qd2+ 52. Kf3 Qd3+ 53.
Kf2 Qd2+ 1/2-1/2

[Event "PRO League KO Stage 2017"]
[Site "chess.com INT"]
[Date "2017.03.08"]
[Round "2"]
[White "Dreev, Aleksey"]
[Black "Akobian, Varuzhan"]
[Result "1/2-1/2"]
[WhiteTitle "GM"]
[BlackTitle "GM"]
[WhiteElo "2651"]
[BlackElo "2645"]
[WhiteTeam "San Diego Surfers"]
[BlackTeam "St Louis Arch Bishops"]
[WhiteFideId "4100107"]
[BlackFideId "13300580"]
[EventDate "2017.03.01"]

1. d4 e6 2. c4 d5 3. Nc3 Nf6 4. cxd5 exd5 5. Bg5 Be7 6. e3 O-O 7. Bd3 Nbd7 8.
Nf3 c6 9. Qc2 Re8 10. h3 Nf8 11. Bf4 Ng6 12. Bh2 Bd6 13. Bxd6 Qxd6 14. O-O-O Bd7
15. Kb1 Rac8 16. g4 Qe7 17. Rhe1 c5 18. g5 Nh5 19. Nxd5 Qd6 20. dxc5 Rxc5 21.
Bxg6 Rxc2 22. Nf6+ Nxf6 23. Rxd6 Rxf2 24. gxf6 hxg6 25. Rxd7 Rxf3 26. Rxb7 gxf6
27. Rxa7 f5 28. Rc1 Rfxe3 29. a4 f4 30. Ka2 f3 31. Rf1 R8e4 32. a5 Kg7 33. a6
Ra4+ 34. Kb1 Rb3 35. Rb7 Rxb7 36. axb7 Rb4 37. Rxf3 Rxb7 38. Kc2 f5 39. Kc3 Kf6
40. b4 g5 41. Kc4 Ke5 42. b5 f4 43. Rf1 Ke4 44. Re1+ Kf3 45. Rg1 Rg7 46. b6 Kf2
47. Rg4 f3 48. h4 Rb7 49. hxg5 Rxb6 50. g6 Rb8 51. Kd5 Ke2 52. Ke6 f2 53. Rg2
Kf3 54. Rxf2+ Kxf2 55. g7 Kf3 56. Kf7 Kf4 57. g8=Q Rxg8 58. Kxg8 1/2-1/2

[Event "PRO League KO Stage 2017"]
[Site "chess.com INT"]
[Date "2017.03.08"]
[Round "2"]
[White "Dudukin, Ilya"]
[Black "Gledura, Benjamin"]
[Result "1/2-1/2"]
[WhiteTitle "FM"]
[BlackTitle "GM"]
[WhiteElo "2396"]
[BlackElo "2588"]
[WhiteTeam "Gorky Stormbringers"]
[BlackTeam "Budapest Gambit"]
[WhiteFideId "4148576"]
[BlackFideId "712779"]
[EventDate "2017.03.01"]

1. Nf3 d5 2. d4 Bf5 3. c4 e6 4. Nc3 Nf6 5. Qb3 Nc6 6. cxd5 Nb4 7. e4 Nxe4 8.
dxe6 Bxe6 9. Qa4+ Bd7 10. Qd1 Nf6 11. Bc4 Bd6 12. O-O O-O 13. Bg5 h6 14. Bh4 Be6
15. Bxe6 fxe6 16. Qb3 Qd7 17. Rfe1 Nbd5 18. Bxf6 Rxf6 19. Nxd5 exd5 20. Qxd5+
Kh8 21. Qxb7 Raf8 22. Ne5 Bxe5 23. dxe5 Rxf2 24. e6 Qd4 25. Kh1 Qd3 26. h3 Rf1+
27. Rxf1 Rxf1+ 28. Rxf1 Qxf1+ 29. Kh2 Qf4+ 30. Kh1 Qf1+ 31. Kh2 Qf4+ 32. g3 Qf2+
33. Qg2 Qe3 34. Qd5 Qe2+ 35. Kg1 Qe1+ 36. Kg2 Qe2+ 37. Kg1 Qe1+ 38. Kg2 Qe2+ 39.
Kg1 Qe1+ 40. Kg2 Qe2+ 41. Kg1 Qe1+ 42. Kg2 Qe2+ 43. Kg1 1/2-1/2

[Event "PRO League KO Stage 2017"]
[Site "chess.com INT"]
[Date "2017.03.08"]
[Round "2"]
[White "Dudukin, Ilya"]
[Black "Vertetics, Attila"]
[Result "1/2-1/2"]
[WhiteTitle "FM"]
[BlackTitle "IM"]
[WhiteElo "2396"]
[BlackElo "2421"]
[WhiteTeam "Gorky Stormbringers"]
[BlackTeam "Budapest Gambit"]
[WhiteFideId "4148576"]
[BlackFideId "723720"]
[EventDate "2017.03.01"]

1. Nf3 d5 2. d4 Nf6 3. c4 c6 4. Nc3 a6 5. g3 Bg4 6. Ne5 Be6 7. Qb3 Ra7 8. cxd5
Nxd5 9. e4 Nxc3 10. Qxc3 Nd7 11. Bf4 Nxe5 12. Bxe5 f6 13. Bf4 g6 14. h4 Ra8 15.
h5 g5 16. Be3 Bh6 17. Bc4 Qd7 18. O-O-O O-O 19. Bxe6+ Qxe6 20. Qb3 Qxb3 21. axb3
Kf7 22. g4 Rfd8 23. Kc2 e6 24. Rhf1 Ke7 25. Kc3 Rd7 26. Rd3 Rad8 27. Rfd1 Kf7
28. Kc2 Ke8 29. R3d2 Kf7 30. Ra1 Bf8 31. Rad1 Bh6 32. Rd3 Ke8 33. R3d2 Kf7 34.
Rd3 Ke8 35. R3d2 Kf7 36. Rd3 Ke8 37. R3d2 Kf7 1/2-1/2

[Event "PRO League KO Stage 2017"]
[Site "chess.com INT"]
[Date "2017.03.08"]
[Round "2"]
[White "Haug, Johannes"]
[Black "Gupta, Abhijeet"]
[Result "1/2-1/2"]
[WhiteTitle "FM"]
[BlackTitle "GM"]
[WhiteElo "2303"]
[BlackElo "2627"]
[WhiteTeam "Norway Gnomes"]
[BlackTeam "Delhi Dynamite"]
[WhiteFideId "1509268"]
[BlackFideId "5010608"]
[EventDate "2017.03.01"]

1. d4 Nf6 2. c4 g6 3. Nf3 Bg7 4. g3 O-O 5. Bg2 c6 6. O-O d5 7. cxd5 cxd5 8. Ne5
e6 9. Nc3 Nfd7 10. Nf3 Nf6 11. Ne5 Nc6 12. Nxc6 bxc6 13. b3 Nd7 14. Ba3 Re8 15.
Na4 Ba6 16. Rc1 Bb5 17. Re1 Rc8 18. Nc5 a5 19. Qd2 Ra8 20. e4 a4 21. Bb4 Nxc5
22. Bxc5 Qd7 23. exd5 cxd5 24. b4 a3 25. Bf1 Reb8 26. Re3 Bf8 27. Bxf8 Kxf8 28.
Rc5 Kg7 29. Bxb5 Rxb5 30. Rb3 Rab8 31. Qc3 R8b7 32. h4 h5 33. Kg2 R5b6 34. b5
Rxb5 35. Rbxb5 Rxb5 36. Rxb5 Qxb5 37. Qxa3 Qe2 38. Qe3 Qb2 39. a3 Kg8 40. Qd3
Qa1 41. Qe3 Kf8 42. Qd3 Ke7 43. Qe3 Qb2 44. Qd3 Qa1 45. Qe3 Qb1 46. Qc3 Qe4+ 47.
Kg1 Qb1+ 48. Kg2 Qe4+ 49. Kg1 Qb1+ 50. Kg2 Kd7 51. a4 Qe4+ 52. Kg1 Qb1+ 53. Kg2
Qa2 54. a5 Qc4 55. Qa1 Qa6 56. Qa4+ Qc6 57. Qb4 Qc4 58. Qb6 Qc6 59. Qb4 Qc4 60.
Qb6 Qc6 61. Qb4 Qc4 62. Qb6 Qc6 63. Qb4 1/2-1/2

[Event "PRO League KO Stage 2017"]
[Site "chess.com INT"]
[Date "2017.03.08"]
[Round "2"]
[White "Haug, Johannes"]
[Black "Aradhya, Garg"]
[Result "1/2-1/2"]
[WhiteTitle "FM"]
[WhiteElo "2303"]
[BlackElo "2315"]
[WhiteTeam "Norway Gnomes"]
[BlackTeam "Delhi Dynamite"]
[WhiteFideId "1509268"]
[BlackFideId "25006746"]
[EventDate "2017.03.01"]

1. d4 c6 2. c4 Nf6 3. Nc3 d5 4. cxd5 cxd5 5. f3 Nc6 6. e4 dxe4 7. d5 Ne5 8. fxe4
e6 9. Nf3 Bd6 10. Bf4 Nxf3+ 11. Qxf3 Bxf4 12. Qxf4 O-O 13. O-O-O exd5 14. Nxd5
Nxd5 15. exd5 Qa5 16. Kb1 g6 17. g4 b5 1/2-1/2

[Event "PRO League KO Stage 2017"]
[Site "chess.com INT"]
[Date "2017.03.08"]
[Round "2"]
[White "Viswanadha, Kesav"]
[Black "De Vreesse Pieters, Seppe"]
[Result "1/2-1/2"]
[WhiteTitle "IM"]
[WhiteElo "2364"]
[BlackElo "2229"]
[WhiteTeam "San Jose Hackers"]
[BlackTeam "Webster Windmills"]
[WhiteFideId "2059533"]
[BlackFideId "254169"]
[EventDate "2017.03.01"]

1. e4 d6 2. d4 Nf6 3. Nc3 g6 4. f4 Bg7 5. Nf3 O-O 6. Bd3 Nc6 7. O-O e5 8. fxe5
dxe5 9. d5 Nd4 10. Nxd4 exd4 11. Ne2 c6 12. dxc6 bxc6 13. Bg5 h6 14. Bh4 g5 15.
Bf2 Ng4 16. Qd2 Be6 17. Ng3 Be5 18. Be1 c5 19. b3 Qd6 20. Rf3 Bf4 21. Qa5 Qb6
22. Nf1 Ne5 23. Rf2 c4 24. bxc4 Nxc4 25. Qa4 Rac8 26. g3 Be3 27. Nxe3 dxe3 28.
Re2 a5 29. Qb3 Qd6 30. Bc3 Ne5 31. Bxe5 Qxe5 32. Qb1 Qd4 33. Qe1 Bc4 34. Rxe3
Bxd3 35. cxd3 Rc2 36. Kh1 Qb2 37. Qf1 Rxh2+ 38. Kg1 Rg2+ 39. Qxg2 Qxa1+ 40. Kh2
Rb8 41. Re2 Qd4 42. Rd2 a4 43. Qf2 Qxf2+ 44. Rxf2 a3 45. Kg2 Rb2 46. Kf3 Kg7 47.
Ke3 Kg6 48. d4 f6 49. d5 h5 50. d6 Kf7 51. d7 Ke7 52. Rxf6 Kxd7 53. Rf2 Ke6 54.
Kf3 Ke5 55. Rf1 Rxa2 56. Rd1 Rb2 57. Rd5+ Ke6 58. Rxg5 a2 59. Ra5 Rb3+ 60. Kf4
Rb2 61. Kf3 Rb3+ 62. Kf4 Rb2 63. Ra6+ Kd7 64. Kg5 Kc7 65. Kxh5 Kb7 66. Ra3 Kc6
67. g4 Kc5 68. g5 Rh2+ 69. Kg6 Kd4 70. Ra4+ Kc3 71. Kf7 Kb2 72. g6 Rf2+ 73. Kg8
Rf4 74. g7 Kb3 75. Rxa2 Kxa2 76. Kh7 Rh4+ 77. Kg6 Rxe4 78. Kf7 Rf4+ 79. Kg6 Rg4+
80. Kf7 Rxg7+ 81. Kxg7 1/2-1/2

[Event "PRO League KO Stage 2017"]
[Site "chess.com INT"]
[Date "2017.03.08"]
[Round "2"]
[White "Mamedov, Rauf"]
[Black "Nyzhnyk, Illya"]
[Result "1/2-1/2"]
[WhiteTitle "GM"]
[BlackTitle "GM"]
[WhiteElo "2688"]
[BlackElo "2613"]
[WhiteTeam "San Jose Hackers"]
[BlackTeam "Webster Windmills"]
[WhiteFideId "13401653"]
[BlackFideId "14118084"]
[EventDate "2017.03.01"]

1. e4 e6 2. d4 d5 3. Nd2 c5 4. exd5 exd5 5. Ngf3 a6 6. Be2 Nc6 7. O-O Bd6 8.
dxc5 Bxc5 9. Nb3 Bb6 10. c4 Nge7 11. c5 Bc7 12. Bd3 h6 13. h3 O-O 14. Re1 Bf5
15. Nfd4 Be4 16. Qe2 Re8 17. Bxe4 dxe4 18. Qxe4 Qd7 19. Be3 Nd5 20. Qf5 Qxf5 21.
Nxf5 Re5 22. g4 g6 23. Nxh6+ Kg7 24. Bd2 Rae8 25. g5 Rxe1+ 26. Rxe1 Rxe1+ 27.
Bxe1 Ne5 28. Kf1 Nf3 29. Ng4 Nxg5 30. Ba5 Bf4 31. h4 Nf3 32. Bd8 f5 33. Ne3 Bxe3
34. fxe3 Ne5 35. Ke2 Nc6 36. Bg5 Kf7 37. a3 Ke6 38. Kd2 Nc7 39. Bf4 Ne8 40. Nc1
Nf6 41. b4 Ne4+ 42. Kd3 Kd5 43. Bc7 Nf2+ 44. Ke2 Ne4 45. Nd3 Kc4 46. Nf4 g5 47.
hxg5 Nxg5 48. Kd2 Kb3 49. Nd5 Kxa3 50. Kc3 Ne4+ 51. Kc4 Nd2+ 52. Kc3 Ne4+ 53.
Kc4 Nd2+ 54. Kc3 Ne4+ 55. Kc4 1/2-1/2

[Event "PRO League KO Stage 2017"]
[Site "chess.com INT"]
[Date "2017.03.08"]
[Round "2"]
[White "Mihok, Oliver"]
[Black "Yatzenko, Anton"]
[Result "1/2-1/2"]
[WhiteTitle "GM"]
[WhiteElo "2516"]
[BlackElo "2356"]
[WhiteTeam "Budapest Gambit"]
[BlackTeam "Gorky Stormbringers"]
[WhiteFideId "728012"]
[BlackFideId "4157826"]
[EventDate "2017.03.01"]

1. e4 e5 2. Nf3 Nc6 3. Bb5 a6 4. Ba4 Nf6 5. d4 Nxd4 6. Nxd4 exd4 7. e5 Ne4 8.
Qxd4 Nc5 9. O-O Be7 10. Nc3 O-O 11. Nd5 Re8 12. Bg5 Bxg5 13. Qxc5 c6 14. Nb6 Be7
15. Qe3 Rb8 16. Rad1 Qc7 17. Bb3 Rf8 18. Nc4 b5 19. Nd6 Bxd6 20. exd6 Qb6 21.
Qe7 c5 22. Bd5 Bb7 23. Qxd7 Bxd5 24. Rxd5 Rbd8 25. Qf5 Rxd6 26. Rxc5 g6 27. Qe5
Rfd8 28. h4 h5 29. g3 Re6 30. Qc3 b4 31. Qc4 Rd2 32. Rc8+ Kg7 33. a3 Ree2 34.
Qc5 Qxc5 35. Rxc5 bxa3 36. bxa3 Rxc2 37. Ra5 Rc6 1/2-1/2

[Event "PRO League KO Stage 2017"]
[Site "chess.com INT"]
[Date "2017.03.08"]
[Round "2"]
[White "Mihok, Oliver"]
[Black "Dudukin, Ilya"]
[Result "1/2-1/2"]
[WhiteTitle "GM"]
[BlackTitle "FM"]
[WhiteElo "2516"]
[BlackElo "2396"]
[WhiteTeam "Budapest Gambit"]
[BlackTeam "Gorky Stormbringers"]
[WhiteFideId "728012"]
[BlackFideId "4148576"]
[EventDate "2017.03.01"]

1. d4 Nf6 2. Nc3 d5 3. Bg5 c6 4. Bxf6 exf6 5. e3 Bd6 6. Bd3 f5 7. Qf3 g6 8. h4
h5 9. O-O-O Nd7 10. Nge2 Nf6 11. Nf4 Bd7 12. Qe2 Qa5 13. Qe1 Qc7 14. g3 O-O-O
15. Kb1 Kb8 16. Nce2 b5 17. Nc1 a5 18. Nb3 Bb4 19. c3 Bd6 20. a3 Bc8 21. Nh3
Rhe8 22. Qd2 Qb6 23. Ng5 Re7 24. Qc2 Ba6 25. Rc1 Rde8 26. Nd2 Ng4 27. Nh3 Rb7
28. b4 a4 29. Nf3 Rbe7 30. Nh2 Nf6 31. Rcg1 Bc8 32. Nf1 Qc7 33. f3 Bd7 34. Nf2
Bc8 35. Kb2 Bd7 36. Qd1 Bc8 37. Bc2 Ka8 38. Qd2 Ka7 39. Nd3 Ka8 40. Nc5 Ka7 41.
Rg2 Ka8 42. Bd1 Ka7 43. Nd3 Kb8 44. Nf2 Ka8 45. Qc2 Kb8 46. Qc1 Ka8 47. Qc2 Kb8 1/2-1/2